MARC

LEADER 00000nam0a2200000 4500
001 130065
005 20231101220222.0
035 |a (RuTPU)RU\TPU\book\140858 
090 |a 130065 
100 |a 20080130d1987 k y0rusy50 ca 
101 0 |a rus 
102 |a RU 
105 |a a z 001zy 
200 1 |a Полиметаллическое оруденение Омулевского поднятия (Северо-Восток СССР)  |e [монография]  |f В. И. Шпикерман  |g Академия наук СССР (АН СССР), Дальневосточное отделение, Северо-Восточный комплексный научно-исследовательский институт 
210 |a Владивосток  |c Изд-во ДВО АН СССР  |d 1987 
215 |a 164 с.  |c ил. 
320 |a Библиогр.: с. 159-162. 
606 1 |a Полиметаллические месторождения  |x Металлогения  |2 stltpush  |3 (RuTPU)RU\TPU\subj\50393  |9 69075 
610 1 |a геология 
610 1 |a Омулевские горы 
610 1 |a полиметаллическое оруднение 
610 1 |a районирование 
610 1 |a геология 
610 1 |a генезис 
610 1 |a морфология 
610 1 |a формационный анализ 
675 |a 553.44'3/'9  |v 3 
700 1 |a Шпикерман  |b В. И.  |g Владимир Иосифович 
712 0 2 |a Академия наук СССР (АН СССР)  |b Дальневосточное отделение  |b Северо-Восточный комплексный научно-исследовательский институт  |2 stltpush  |3 (RuTPU)RU\TPU\col\12547 
801 1 |a RU  |b 63413507  |c 20080130  |g PSBO 
801 2 |a RU  |b 63413507  |c 20171019  |g PSBO 
942 |c BK